Flagi państw i terytoriów zależnych namalowane w paintcie - Statystyki

Ogólne statystyki
  • Ten quiz został rozwiązany 40 razy
  • Średni wynik to 9 z 12
Statystyki odpowiedzi
Obrazkowy Odpowiedź % Poprawnych
Arabia Saudyjska
100%
Cypr
100%
Wyspa Man
93%
Mołdawia
90%
Sri Lanka
90%
Tajwan
86%
Surinam
72%
Nowa Kaledonia
69%
Polinezja Francuska
69%
Saba
48%
Wyspa Norfolk
34%
Palmyra
17%
Nie znaleziono quizów pasujących do podanych kryteriów
Rozkład punktacji
Procent ludzi z każdym wynikiem
Percentyl według liczby udzielonych odpowiedzi
Twoja historia wyników
Nie rozwiązałeś tego quizu